000 00436nam a2200193Ia 4500
005 20240823023158.0
008 240823s9999||||xx |||||||||||||| ||und||
020 _a81-203-2848-5
041 _aENGLISH
082 _A691 P8
100 _aVarghese P C
245 0 _aBuilding Materials
250 _a1st
260 _c2008
_b"PHI,.New "
_aNew Delhi
500 _aYES
650 _aBuilding
_bCivil
942 _cBK
999 _c180929
_d180929